Gminy w Powiatach na literę C - Statystyki

Ogólne statystyki
  • Ten quiz został rozwiązany 18 razy
    12 od ostatniego zresetowania
  • Średni wynik to 25 z 89
Statystyki odpowiedzi
Powiat Gmina % Poprawnych
Chełm
92%
chojnicki Chojnice
83%
Ciechanowski Ciechanów
83%
chrzanowski Chrzanów
75%
cieszyński Cieszyn
75%
chełmiński Chełmno
67%
czarnkowsko-trzcianecki Czarnków
67%
człuchowski Człuchów
67%
Trzcianka
67%
chodzieski Chodzież
58%
choszczeński Choszczno
58%
Libiąż
58%
Alwernia
50%
częstochowski Blachownia
50%
Debrzno
50%
Glinojeck
50%
Wisła
50%
Dorohusk
42%
Mykanów
42%
Olsztyn
42%
Trzebinia
42%
Ustroń
42%
Koniecpol
33%
Kruszyna
33%
Papowo Biskupie
33%
Recz
33%
chełmski Rejowiec
33%
Rzeczenica
33%
Stolno
33%
Brenna
25%
Brusy
25%
Budzyń
25%
Czarne
25%
Czersk
25%
Dąbrowa Zielona
25%
Drawno
25%
Dubienka
25%
Goleszów
25%
Istebna
25%
Konopiska
25%
Krzyż Wielkopolski
25%
Margonin
25%
Opinogóra Górna
25%
Poczesna
25%
Przechlewo
25%
Rejowiec Fabryczny
25%
Siedliszcze
25%
Skoczów
25%
Szamocin
25%
Bierzwnik
17%
Dębowiec
17%
Drawsko
17%
Janów
17%
Kamień
17%
Koczała
17%
Konarzyny
17%
Krzęcin
17%
Lelów
17%
Lisewo
17%
Mstów
17%
Pełczyce
17%
Połajewo
17%
Przyrów
17%
Rędziny
17%
Sawin
17%
Starcza
17%
Unisław
17%
Wieleń
17%
Zebrzydowice
17%
Żmudź
17%
Babice
8%
Białopole
8%
Chybie
8%
Czarna Woda
8%
Grudusk
8%
Hażlach
8%
Kamienica Polska
8%
Kijewo Królewskie
8%
Leśniowice
8%
Lubasz
8%
Ojrzeń
8%
Regimin
8%
Ruda Huta
8%
Sońsk
8%
Strumień
8%
Wierzbica
8%
Wojsławice
8%
Gołymin-Ośrodek
0%
Kłomice
0%
Nie znaleziono quizów pasujących do podanych kryteriów
Rozkład punktacji
Procent ludzi z każdym wynikiem
Percentyl według liczby udzielonych odpowiedzi
Twoja historia wyników
Nie rozwiązałeś tego quizu od ostatniego zresetowania